• 首页
  • 本馆介绍
  • 公告通知
  • 最新文献
  • 馆藏检索
  • 电子资源
  • 读者导购
  • 参考咨询
  • 我的图书馆
  • 登录
  • 详细信息显示
  • 放入我的书架
  • 预约/预借图书
  • 作者相关作品
  • 分类相关作品
  • 丛书相关作品
  • 出版社相关作品

书目信息

  • 表格格式
  • 工作单格式
  • 卡片格式
题名:
走跑健身运动全书
    
 
作者: 任保莲 , 王德平 编著
分册:  
出版信息: 北京   北京体育大学出版社  1999
页数: 336页
开本: 19cm
丛书名:
单 册:
中图分类: G806
科图分类:
主题词: 体育锻炼--方法
电子资源:
ISBN: 7-81051-432-6
000 00618nam0 2200205 45
001 0310261882
005 20031219104120.7
010    @a7-81051-432-6@dCNY16.80
100    @a20031026d1999 km y0chiy0120 ea
101 0  @achi
105    @a z 000yy
200 1  @a走跑健身运动全书@AZou Pao Jian Shen Yun Dong Quan Shu@f任保莲,王德平编著@FRen Bao Lian,Wang De Ping Bian Zhu
210    @a北京@c北京体育大学出版社@d1999
215    @a336页@d19cm
606 0  @a体育锻炼@x方法
690    @aG806@v4
701    @a任保莲@4编著
701  0 @a王德平@4编著
801    @aCN@bTSTC@c20031026
905    @a213230@b327377-381@dG806@e118@f5
    
    走跑健身运动全书/任保莲,王德平编著.-北京:北京体育大学出版社,1999
    336页;19cm
    
    
    ISBN 7-81051-432-6:CNY16.80
    
●
相关链接 在E读中查询图书 在五车中查询图书 在当当中查询图书 在豆瓣中查询图书


正题名:走跑健身运动全书     索取号:G806/118         预约/预借

序号 登录号 条形码 馆藏地/架位号 状态 备注
1 0327377   203273778   第四借阅区/ [索取号:G806/118] 在馆    
2 0327378   203273787   第四借阅区/ [索取号:G806/118] 在馆    
3 0327379   203273796   第四借阅区/ [索取号:G806/118] 在馆    
4 0327380   203273803   第四借阅区/ [索取号:G806/118] 在馆    
5 0327381   203273812   第一样本阅览室/ [索取号:G806/118] 在馆    
唐山师范学院图书馆 欢迎您!
大连网信软件有限公司© 版权所有